000 00691nam a2200193Ia 4500
003 GCL
008 140319s9999 xx 000 0 ara d
020 _a0068117977
040 _aGCL /
_cGCL
082 0 4 _a216.4
_bع م
100 1 _aعبدالفتاح عساكر
245 1 0 _aمع القران الكريم :
_bرؤية قرآنية لحقيقة المرويات التى تخالف كتاب الله و سنة رسوله ص /
_cعبدالفتاح عساكر
250 _aالاولى
260 _aالقاهرة :
_bالمثقفون العرب ،
_c2003
300 _a144 ص ؛
_c25 سم
650 0 4 _aالقران
650 0 4 _aالحديث - دفع مطاعن
942 _2ddc
_cBK
999 _c6845
_d6845